Democracia deliberativa: la recuperación del concepto de deliberación pública en la teoría democrática contemporánea /
El autor, uno de los sociólogos más reconocidos de Brasil, dialoga con la obra de autores como: Rawls, Habermas, Cohen y Bohman con el objeto de recuperar una noción de liberación pública que sea compatible con la teoría democrática contemporánea. REV/WMV
Na minha lista:
| Autor principal: | |
|---|---|
| Formato: | Texto |
| Assuntos: | |
| Tags: |
Adicionar Tag
Sem tags, seja o primeiro a adicionar uma tag!
|
MARC
| LEADER | 00000 a a2200000 04500 | ||
|---|---|---|---|
| 001 | 9636 | ||
| 003 | |||
| 040 | |||
| 100 | |a Avritzer, Leonardo | ||
| 245 | |a Democracia deliberativa: |b la recuperación del concepto de deliberación pública en la teoría democrática contemporánea / |c Leonardo Avritzer | ||
| 520 | |a El autor, uno de los sociólogos más reconocidos de Brasil, dialoga con la obra de autores como: Rawls, Habermas, Cohen y Bohman con el objeto de recuperar una noción de liberación pública que sea compatible con la teoría democrática contemporánea. REV/WMV | ||
| 650 | |a TEORIA | ||
| 650 | |a DEMOCRACIA | ||
| 650 | |a ANALISIS SOCIOLOGICO | ||
| 773 | |g volumen 5, número 18; páginas 50-65 | ||
| 999 | |c 33856 |d 33856 | ||
